LEADER 03069nam 2200733Ia 450 001 9910972726703321 005 20251116231807.0 010 $a9786611841478 010 $a9781281841476 010 $a1281841471 010 $a9780567055781 010 $a0567055787 035 $a(CKB)1000000000542213 035 $a(EBL)436201 035 $a(OCoLC)276357433 035 $a(SSID)ssj0000135203 035 $a(PQKBManifestationID)11150171 035 $a(PQKBTitleCode)TC0000135203 035 $a(PQKBWorkID)10058520 035 $a(PQKB)11216615 035 $a(MiAaPQ)EBC436201 035 $a(Au-PeEL)EBL436201 035 $a(CaPaEBR)ebr10250839 035 $a(CaONFJC)MIL184147 035 $a(OCoLC)893333995 035 $a(Perlego)802886 035 $a(iGPub)BLOM0007285 035 $a(EXLCZ)991000000000542213 100 $a20000111d1999 uy 0 101 0 $aeng 135 $aur|n|---||||| 181 $ctxt 182 $cc 183 $acr 200 10$aDavid, Solomon and Egypt $ea reassessment /$fPaul S. Ash 210 $aSheffield, England $cSheffield Academic Press$dc1999 215 $a1 online resource (158 p.) 225 1 $aJournal for the study of the Old Testament. Supplement series ;$v297 300 $aOriginally presented as the author's thesis (doctoral)--Emory University. 311 08$a9781841270210 311 08$a1841270210 320 $aIncludes bibliographical references and indexes. 327 $aContents; Preface; Abbreviations; Introduction; Chapter 1 THE EPIGRAPHICAL EVIDENCE FROM EGYPT; Chapter 2 THE ARCHAEOLOGICAL EVIDENCE FROM PALESTINE; Chapter 3 THE BIBLICAL EVIDENCE; Chapter 4 SUMMARY AND IMPLICATIONS OF THIS STUDY; Bibliography; Index of References; Index of Authors 330 $aAsh re-examines the question of the relationship between Egypt and Palestine during the time of David and Solomon. By analysing all the available evidence-epigraphical sources from Egypt, archaeological data from Palestine and the pertinent biblical texts-he concludes that relations and contacts between Egypt and the peoples inhabiting ancient Palestine at the time of David and Solomon were minimal. Any reconstructions of the history of relations and contacts between Egypt and Palestine, including ancient Israel, must take this study into consideration. 410 0$aJournal for the study of the Old Testament.$pSupplement series ;$v297. 606 $aEgypt in the Bible 606 $aExcavations (Archaeology)$zPalestine 607 $aEgypt$xRelations$zPalestine 607 $aPalestine$xRelations$zEgypt 607 $aEgypt$xHistory$yTo 332 B.C 607 $aPalestine$xHistory$yTo 70 A.D 607 $aPalestine$xAntiquities 615 0$aEgypt in the Bible. 615 0$aExcavations (Archaeology) 676 $a221.9/5 676 $a933.02 700 $aAsh$b Paul S$01896531 801 0$bMiAaPQ 801 1$bMiAaPQ 801 2$bMiAaPQ 906 $aBOOK 912 $a9910972726703321 996 $aDavid, Solomon and Egypt$94551248 997 $aUNINA